[Event "SWE-ch"]
[Site "Skara"]
[Date "2002.07.02"]
[Round "3"]
[White "Berg, Emanuel"]
[Black "Wedberg, Tom Birger"]
[Result "0-1"]
[WhiteElo "2503"]
[BlackElo "2540"]
[Annotator "Wedberg,T"]
[PlyCount "82"]
[EventDate "2002.06.30"]
[EventType "tourn"]
[EventRounds "13"]
[EventCountry "SWE"]
[EventCategory "9"]
[SourceTitle "CBM 091"]
[Source "ChessBase"]
[SourceDate "2002.11.12"]
[SourceVersion "1"]
[SourceVersionDate "2002.11.12"]
[SourceQuality "1"]

1. e4 e5 2. Nf3 Nc6 3. Bb5 Nf6 4. O-O Nxe4 5. d4 Nd6 6. Bxc6 dxc6 7. dxe5 Nf5
8. Qxd8+ Kxd8 9. Nc3 a5 10. Ne4 h6 {It´s facinating in how many different ways
this opening can be played. The idea of h6 is to wait with the K on d8 for a
while. Maybe it´s later going to the Q side. By controlling g5 Black protects
the vulnerable f7 square.} (10... a4 11. a3 Ke8 {is another way to play. 1/2-1/
2 Hajek,M-Lechtynsky,J/CZE 1999/EXT 2000 (17)}) 11. h3 {Now White may have a
threat in g4 followed by Ng3.} Ne7 $146 (11... Be6 $6 12. g4 Bd5 13. Ned2 Ne7
14. c4 Be6 15. Nd4 Bd7 16. Ne4 Ng6 17. f4 $36 {1-0 Blehm,P-Karpatchev,A/
Cappelle la Grande 1998/CBM 63 ext (31). (31)}) (11... a4 $5 12. g4 Ne7 13. Ng3
{playing for f4-f5 is interestning.}) 12. Nd4 (12. g4 h5 {the typical counter}
13. Nfg5 Ke8 14. f3 Ng6 $15) 12... b6 {[%csl Yc5]} (12... Ng6 13. f4 c5 (13...
Bd7 14. Be3 Kc8 15. Rad1 Be7 16. Ng3 $14 {[%cal Yg3f5,Yg3h5]}) 14. Ne2 Kd7 15.
Be3 Kc6 {is also possible.}) 13. Rd1 Bd7 $1 {[%cal Yd8c8] This looks dangerous
for Black but there is no obvious way to exploit the pin on the d-file. The
black K is heading for safety on the Q-side.} 14. a4 (14. e6 fxe6 15. Nxe6+ Kc8
16. Nxf8 (16. Nxc7 $2 Kxc7 17. Bf4+ Kd8 18. Nd6 Ng6 $17) 16... Rxf8 $11 {
[%cal Yd7f5,Ye7d5,Ya8e8,Gc8b7,Yf8f7] Opposite coloured B:s and free play for
the black pieces guarantees fair chances. My opponent even considered this to
be slightly better for Black.}) 14... Kc8 15. f4 c5 {Black starts kicking back
the white pieces. From now on White loses grund with every move.} 16. Ne2 (16.
Nb5 $5 Bc6 17. Ng3 h5 18. c4 h4 19. Ne2 Nf5 $132) 16... Bc6 17. N4g3 h5 $1 {
Fighting for the f5 square and keeping the white P majority in check.} 18. Nc3
h4 19. Nge4 Nf5 20. Ng5 {Looking for some counterplay, but already Black has
several good options at his disposal.} Be8 {solid, but perhaps not best} (20...
Be7 $5 21. Nxf7 Rf8 {with activity for Black.}) (20... f6 21. Nf7 Rg8 {looks a
bit unclear, but White has no real threat so it might just be good for Black.})
21. Nd5 c4 {[%cal Yf8c5]} 22. Be3 {A real concession. Black´s pair of B:s will
be very strong.} Nxe3 23. Nxe3 Bc5 24. Kf2 (24. Re1 $142 {[%cal Yg1h1]}) 24...
Bc6 $1 {[%mdl 2048] The point is to keep the pin on Ne3 by preventing Ne4. The
loss of a P means nothing since White has no play and a very weak K to think
about.} 25. Nxf7 Rf8 26. e6 Kb7 $17 {[%cal Ya8e8,Yf8f2,Ye8e3,Yc5e3,Yc6g2]
White is in a real jam here.} 27. Re1 Rae8 28. f5 g6 {Black opens the position
against the white K.} 29. Kf1 (29. g4 {was slightly better} gxf5 30. gxf5 Be4
31. Kf1 Bxe3 32. Rxe3 Bxf5 $17) 29... gxf5 30. Nxc4 (30. Nxf5 Bd5 $19) 30...
Rg8 $1 {White is past salvation now.} 31. Re2 f4 32. e7 Rxe7 (32... Bd5 $1 $19)
33. Rxe7 (33. Nfd6+ cxd6 34. Rxe7+ Ka6 $19) 33... Bxe7 34. Nfe5 Bxg2+ 35. Ke2
Bc5 36. Nd3 f3+ 37. Kd2 Bd4 38. Ne3 Re8 39. Re1 Bxh3 40. c3 Bf6 41. Nf4 f2 0-1

[Event "NED-ch57"]
[Site "Leeuwarden"]
[Date "2002.06.21"]
[Round "2"]
[White "Van den Doel, Erik"]
[Black "Jonkman, Harmen"]
[Result "1-0"]
[WhiteElo "2583"]
[BlackElo "2520"]
[Annotator "Wedberg,T"]
[PlyCount "83"]
[EventDate "2002.06.20"]
[EventType "tourn"]
[EventRounds "9"]
[EventCountry "NED"]
[EventCategory "13"]
[SourceTitle "CBM 090"]
[Source "ChessBase"]
[SourceDate "2002.09.20"]
[SourceVersion "1"]
[SourceVersionDate "2002.09.20"]
[SourceQuality "1"]

1. e4 e5 2. Nf3 Nc6 3. Bb5 Nf6 4. O-O Nxe4 5. d4 Nd6 6. Bxc6 dxc6 7. dxe5 Nf5
8. Qxd8+ Kxd8 9. Nc3 Ne7 10. Nd4 c5 $146 {[%mdl 8] More active than Almasi´s
Ng6. The weakening of b5 is a drawback though.} (10... Ng6 11. f4 Bc5 12. Be3
Bb6 13. Rae1 Nh4 (13... Ne7 $5) 14. e6 $13 {1-0 Shirov,A-Almasi,Z/Tilburg 1996/
CBM 56/[Shirov] (36)} (14. Ne4 $5)) 11. Nf3 $1 {[%cal Yf3g5,Yc3b5]} (11. Ndb5
$6 Bf5 (11... Kd7 $5 {[%cal Yd7c6]}) 12. Be3 b6 13. Rad1+ Kc8 $13 {No problems
for Black.}) 11... a6 (11... h6 $2 12. Rd1+ Bd7 (12... Ke8 13. Nb5 $18) 13. e6
fxe6 14. Ne5 $18) (11... Bf5 12. Ng5 Ke8 13. Nb5 Nd5 14. c4 Bd3 15. cxd5 Bxb5
16. Rd1 $14) 12. Be3 b6 13. Rfd1+ Ke8 14. a4 $1 {Now Black is experiencing
some difficulties on the Q-side.} Bb7 (14... a5 $4 15. Nb5 $18) (14... Bf5 15.
a5 $1 Bxc2 16. Rd2 Bb3 17. axb6 cxb6 18. Nb5 $1 $36) 15. a5 Nf5 16. axb6 cxb6 {
Straightening out the P-chain on the Q-side doesn´t necessarily mean an
improvement of Blacks position in the Berlin. The doubled c-P protects
important squares on the d-file. Now Black can get problems on d5, d6 and d7.}
17. Nd5 $1 Bxd5 18. Rxd5 $14 {White has an easier position to play.} Be7 $2 {
Her Black missed his best chance in the game.} (18... Nxe3 $142 19. fxe3 Be7
20. Nd2 {[%cal Yd2c4,Yd2e4]} h5 $5 {This might be the saving idea. Protecting
the Q-side and developing the R at the same time.} 21. Nc4 Rh6 $13) 19. Bf4 $16
{White has all the advantages and Black has no counterplay - remember that 0-0
is not allowed!} g6 20. Kf1 h6 21. Ke2 Ng7 22. Nd2 $1 {[%cal Yd2e4,Yd2c4]} Ne6
23. Be3 Bd8 24. Ne4 Bc7 25. f4 Ke7 26. Nf6 $40 {The intrusion on d7 is hard to
prevent.} Rhd8 (26... g5 27. Rd7+ Kf8 28. Nd5 (28. g3) 28... gxf4 29. Nxc7 Nxc7
30. Rxc7 fxe3 31. Rf1 $18) 27. Rad1 Rxd5 (27... Rac8 28. c4 {A terrible grip.})
28. Nxd5+ Kf8 29. g4 Bd8 30. f5 $18 {Winning material finally - Black is lost.}
Nd4+ 31. Bxd4 cxd4 32. Rxd4 Rc8 33. Kd3 Ke8 34. Rc4 Rxc4 35. Kxc4 gxf5 36. gxf5
Kd7 37. Kd4 Kc6 38. f6 Kd7 39. Ke4 b5 40. b4 a5 41. bxa5 Bxa5 42. Nf4 1-0

[Event "Hoogovens op"]
[Site "Wijk aan Zee"]
[Date "1995.01.??"]
[Round "4"]
[White "Leko, Peter"]
[Black "Almasi, Zoltan"]
[Result "1/2-1/2"]
[WhiteElo "2555"]
[BlackElo "2590"]
[Annotator "Wedberg,T"]
[PlyCount "34"]
[EventDate "1995.01.??"]
[EventType "swiss"]
[EventRounds "12"]
[EventCountry "NED"]
[SourceTitle "CBM 046"]
[Source "ChessBase"]
[SourceDate "1995.06.01"]
[SourceVersion "1"]
[SourceVersionDate "1995.06.01"]
[SourceQuality "1"]

1. e4 e5 2. Nf3 Nc6 3. Bb5 Nf6 4. O-O Nxe4 5. d4 Nd6 6. Bxc6 dxc6 7. dxe5 Nf5
8. Qxd8+ Kxd8 9. Rd1+ $6 {Pointless.} Ke8 10. Nc3 Ne7 $5 {/\Bg4, /\Ng6} 11. Nd4
a6 (11... Ng6 12. Ndb5 $5) 12. h3 Ng6 13. f4 Bc5 {With opposite coloured B:s
black is never worse in this line.} 14. Be3 h5 15. Nce2 Ne7 16. Rd2 Bxd4 17.
Nxd4 Nf5 1/2-1/2

[Event "Cannes masters k.o."]
[Site "Cannes"]
[Date "2000.02.19"]
[Round "1.2"]
[White "Boudre, Jean Pierre"]
[Black "Markowski, Tomasz"]
[Result "0-1"]
[WhiteElo "2334"]
[BlackElo "2531"]
[Annotator "Wedberg,T"]
[PlyCount "82"]
[EventDate "2000.02.19"]
[EventType "k.o."]
[EventRounds "5"]
[EventCountry "FRA"]
[SourceTitle "CBM 076"]
[Source "ChessBase"]
[SourceDate "2000.05.31"]
[SourceVersion "1"]
[SourceVersionDate "2000.05.31"]
[SourceQuality "1"]

{[%mdl 4] In this game Markowski in a very instructive way shows us how Black
can slowly consolidate and then take the initiative in the Berlin defence.} 1.
e4 e5 2. Nf3 Nc6 3. Bb5 Nf6 4. O-O Nxe4 5. d4 Nd6 6. Bxc6 dxc6 7. dxe5 Nf5 8.
Qxd8+ Kxd8 9. Nc3 Ke8 10. h3 Ne7 11. Re1 Ng6 12. Ne4 c5 13. a4 a5 {The logical
response.} (13... h6 14. a5 $1 Bf5 15. h4 $1 Be7 (15... h5 16. Bg5 $16) 16.
Nd6+ $1 cxd6 17. exd6 Be6 (17... Bxc2 18. dxe7 Nxe7 19. Be3 $36) 18. dxe7 Nxe7
$16 {1-0 Adams,M-Almasi,Z/Las Vegas 1999/CBM 72/[Wedberg] (44)}) 14. Nc3 {
It´s a pity to move the N away from e4.} (14. h4 $5 Bg4 (14... h5 15. Bg5 $14)
15. Nh2 Be6 16. h5 Nh4 17. g4 $36) (14. Ra3 $5) 14... h6 15. Nb5 {The N is not
really effective on b5 once Black has protected c7.} Kd7 $1 16. Ra3 Be7 $146 {
[%mdl 8]} (16... Kc6 17. Rc3 Kb6 18. Nd2 Be6 19. Nc4+ Kc6 20. f4 Ne7 21. Nd2
Rd8 22. Nb3 b6 23. N3d4+ Kb7 24. Nxe6 fxe6 $11 {1/2-1/2 Galkin,A-Marcelin,C/
Yerevan 1999/CBM 72 ext (30)}) 17. Rc3 b6 18. Nd2 (18. e6+ fxe6 19. Rxe6 Kxe6
20. Nxc7+ Kd6 21. Nxa8 Kc6 22. Rb3 Bd8 $17) 18... Kc6 19. Ne4 Kb7 $15 {That´s
the end of White´s initiative against Black´s K. Black already has the better
prospects.} 20. f4 h5 21. Rf3 h4 22. Nf2 Bf5 23. c4 Rad8 24. Nc3 c6 25. b3 Nf8
26. Ng4 Ne6 27. Ne3 Nd4 28. Rf2 g6 $17 {Black´s blockade on the K-side is
perfect.} 29. Bb2 Bd3 30. Rd2 Nxb3 31. Rdd1 Rhe8 32. Ncd5 cxd5 33. Rxd3 dxc4
$19 34. Rxd8 Rxd8 35. Nxc4 Nd2 36. Nd6+ Bxd6 37. exd6 Kc6 38. Bf6 Rxd6 39. Bxh4
c4 40. Bf2 f5 41. Rc1 b5 0-1

[Event "Hoogovens-B"]
[Site "Wijk aan Zee"]
[Date "1999.01.25"]
[Round "6"]
[White "Brodsky, Michail"]
[Black "Van den Doel, Erik"]
[Result "1-0"]
[WhiteElo "2530"]
[BlackElo "2547"]
[Annotator "Wedberg,T"]
[PlyCount "85"]
[EventDate "1999.01.19"]
[EventType "tourn"]
[EventRounds "11"]
[EventCountry "NED"]
[EventCategory "11"]
[SourceTitle "CBM 069"]
[Source "ChessBase"]
[SourceDate "1999.04.01"]
[SourceVersion "1"]
[SourceVersionDate "1999.04.01"]
[SourceQuality "1"]

1. e4 e5 2. Nf3 Nc6 3. Bb5 Nf6 4. O-O Nxe4 5. d4 Nd6 6. Bxc6 dxc6 7. dxe5 Nf5
8. Qxd8+ Kxd8 9. Nc3 Ke8 10. h3 Ne7 11. Ne4 Ng6 12. Re1 h6 $146 (12... Be7 13.
Nd6+ cxd6 14. exd6 f6 15. dxe7 Nxe7 16. b3 Kf7 17. Ba3 $14 {1-0 Nisipeanu,
L-Grabarczyk,M/Koszalin 1998/CBM 65 ext (66)}) 13. Nd4 c5 $5 14. Nb5 Kd7 15. f4
Kc6 {If the K is safe on c6 Black should have a good game. Compared to normal
lines with the K grovelling around on the back rank, Black can bring his R:s
into play much easier.} 16. a4 {The position is similar to one in the game
Svidler - Timman/Elista olm/1998. In that game Black got the upper hand with
his active K. Compare also with the game Spasov - Zhang Zhong from the same
event.} Be7 17. Be3 Bf5 $6 {This triggers a series of cuts and thrusts around
the black K. Clearly a risky course.} (17... a6 18. Nbc3 (18. b4 Bf5 19. Ng3
Nh4 $15) 18... Nh4 19. Rad1 Be6 $15) 18. Ng3 Bxc2 19. Rec1 {[%cal Yc1c6]} Bxa4
20. Nd4+ (20. Nxc7 Kxc7 21. Rxa4 b5 (21... b6 22. b4 $40) 22. Re4 c4 23. f5 Nf8
$13) 20... Kd7 21. Rxa4 cxd4 22. Rxd4+ Kc8 23. Nf5 a5 $6 (23... Rg8 $142 24.
Rdc4 $140 c6 25. b4 a5 26. b5 a4 27. bxc6 b5 $132) 24. Nxg7 a4 25. e6 a3 (25...
Bf6 26. Rd7 c6 27. Rxf7 Bxb2 28. Rd1 $40) 26. bxa3 Rxa3 27. Re4 $16 {White's
initiative and central pressure is worth much more than Black's backward
passed P:s.} f6 28. Nf5 Ra2 29. Rd4 Ba3 30. Re1 Re8 31. Ra4 Kb8 (31... Rxe6 32.
Ra8+ Kd7 33. Rd1+ Kc6 34. Nd4+ $18) 32. Ba7+ Kc8 33. Be3 Kb8 34. Ba7+ Kc8 35.
Bd4 $18 Kb8 36. Re3 Nxf4 37. Rexa3 Rxa3 38. Ba7+ Kc8 39. Rxa3 Rxe6 40. Be3 Nd5
41. Bxh6 b5 42. Rd3 c6 43. Nd4 1-0

[Event "Hastings 9899"]
[Site "Hastings"]
[Date "1999.01.06"]
[Round "8"]
[White "Fressinet, Laurent"]
[Black "Sokolov, Ivan"]
[Result "1/2-1/2"]
[WhiteElo "2455"]
[BlackElo "2620"]
[Annotator "Wedberg,T"]
[PlyCount "48"]
[EventDate "1998.12.29"]
[EventType "tourn"]
[EventRounds "9"]
[EventCountry "ENG"]
[EventCategory "13"]
[SourceTitle "CBM 069"]
[Source "ChessBase"]
[SourceDate "1999.04.01"]
[SourceVersion "1"]
[SourceVersionDate "1999.04.01"]
[SourceQuality "1"]

1. e4 e5 2. Nf3 Nc6 3. Bb5 Nf6 4. O-O Nxe4 5. d4 Nd6 6. Bxc6 dxc6 7. dxe5 Nf5
8. Qxd8+ Kxd8 9. Nc3 Ke8 10. Rd1 Ne7 11. Nd4 Ng6 12. h3 (12. f4 Bc5 13. Ne4
Bxd4+ 14. Rxd4 b6 15. Be3 h5 16. Re1 Be6 17. Ng5 Bf5 $11 {1-0 Svidler,
P-Topalov,V/Linares 1998/CBM 64/[Petursson] (67)}) (12. Ne4 Be7 13. f4 Bg4 14.
Rd3 Rd8 15. h3 Bd7 16. Be3 c5 17. Ne2 b6 18. c4 h5 {1/2-1/2 Peng
Xiaomin-Almasi,Z/FIDE-Wch k.o. 1997/CBM 63 [Wedberg] (33)}) 12... Be7 13. f4 h5
14. Be3 Bd7 15. Rd2 Rd8 16. Rad1 Bc8 17. Ne4 a6 18. Kf2 Nh4 {Blockading f5 is
the key to Black's defence.} 19. Ng3 f6 $5 {A counter in the right moment
before White get's f5 in.} 20. exf6 gxf6 21. f5 Kf7 22. Bf4 Bc5 $1 23. Bxc7
Rxd4 24. Rxd4 Nxf5 1/2-1/2

[Event "Groningen Festival"]
[Site "Groningen"]
[Date "1998.12.21"]
[Round "2"]
[White "Asrian, Karen"]
[Black "Almasi, Zoltan"]
[Result "0-1"]
[WhiteElo "2600"]
[BlackElo "2650"]
[Annotator "Wedberg,T"]
[PlyCount "96"]
[EventDate "1998.12.20"]
[EventType "tourn"]
[EventRounds "10"]
[EventCountry "NED"]
[EventCategory "16"]
[SourceTitle "CBM 069"]
[Source "ChessBase"]
[SourceDate "1999.04.01"]
[SourceVersion "1"]
[SourceVersionDate "1999.04.01"]
[SourceQuality "1"]

1. e4 e5 2. Nf3 Nc6 3. Bb5 Nf6 4. O-O Nxe4 5. d4 Nd6 6. Bxc6 dxc6 7. dxe5 Nf5
8. Qxd8+ Kxd8 9. Rd1+ Ke8 10. Nc3 a5 11. a4 {This is the principal reaction to
a5.} (11. b3 Bb4 $1 12. Bb2 (12. Ne2 a4) 12... Bxc3 13. Bxc3 c5 $11 {1/2-1/2
Tolnai,T-Mandl,R/Kecskemet 1992/CBM 29 (26)}) (11. Ne2 Bc5 (11... a4 12. h3 a3
(12... h5) 13. b3 h5 14. Bg5 Be7 15. c4 h4 {1/2-1/2 Hardarson,R-Marciano,D/
Reykjavik 1993/CBM 35 (15)}) 12. Nf4 Ne7 13. Be3 Bxe3 14. fxe3 Bf5 15. Nd4 Rd8
16. e6 $14 {1/2-1/2 Thipsay,P-Sokolov,I/Elista 1998/CBM 66 ext (41)}) (11. h3
a4 12. g4 (12. Bg5 Be6 13. g4 (13. a3) 13... Ne7 14. Nd4 Nd5 15. Ndb5 Rc8 16.
Nxd5 cxd5 $13 {0-1 Yemelin,V-Aleksandrov,A/St.Petersburg 1996/CBM 56 ext/
[Notkin] (33)}) 12... Ne7 13. Nd4 Ra5 14. Bf4 Be6 15. b4 Ra8 16. b5 c5 17. Nxe6
fxe6 18. Be3 b6 $11 {1/2-1/2 De la Villa Garcia,J-Giorgadze,G/Mondariz 1997/
EXT 99 (99)}) 11... Bb4 (11... h6 12. Ne2 Ne7 13. Ra3 Nd5 14. Rad3 Bf5 15. R3d2
Bc5 16. Nfd4 Bh7 17. c3 $14 {1-0 Frolov,A-Aleksandrov,A/Nikolaev 1993/CBM 35 
(71)}) 12. Ne2 Ne7 13. h3 Ng6 14. b3 h5 (14... Be7 15. Bb2 c5 16. Nc3 (16. c4
Bf5 17. Ng3 Be6 18. Nh5 Rg8 19. Nd2 Rd8 20. Nf1 Bg5 21. Bc3 b6 $15 {0-1 Borge,
N-Miles,A/Cappelle la Grande 1998/CBM 63 ext (68)}) 16... Bf5 17. Nd5 Rc8 18.
Ne3 Be6 $13 {0-1 Herrera,I-Miles,A/Ubeda 1997/CBM 56 ext (60)}) 15. Bb2 h4 16.
Ne1 Bxe1 $6 {Getting opposite coloured B:s is usually in Blacks favour in this
line. White's B is more restricted than Black's because of the P on e5. Still,
in this specifik position the exchange may be a bit too orthodox.} (16... Be7
17. Nd3 c5 $13) 17. Rxe1 c5 18. Nc3 Bf5 19. Ne4 b6 (19... Bxe4 20. Rxe4 Ke7 21.
e6 f6 22. Rg4 $16) 20. e6 $1 $36 f6 21. Rad1 Nf8 22. f4 Bxe4 (22... Nxe6 23. g4
$1 $36) (22... Ke7 23. Rd2 Re8 (23... Nxe6 24. g4 Bxe4 25. Rxe4) 24. g4 hxg3
25. Nxg3 Bxh3 26. f5 $36) 23. Rxe4 Rh5 24. e7 (24. Rd3 Ke7 25. g4 hxg3 26. Rxg3
g6 $13) 24... Ng6 25. Kf2 (25. Rd3 $1 {/\g4} f5 26. Re1 Nxf4 27. Rf3 Ng6 28.
Bxg7 $14) 25... c6 26. Re6 (26. Rd6 Rc8 27. c4 Nxe7 28. Rde6 Rc7 $15) 26...
Nxf4 27. Rxc6 Rf5 $1 28. Kg1 Rb8 29. Kh2 Rd5 30. Rf1 Kd7 31. e8=Q+ $6 (31. Rxf6
$5 gxf6 32. Rxf4 $132) 31... Kxe8 32. Rc7 (32. Rxf4 Kd7 $17) 32... Nh5 33. Re1+
Kf8 34. Re4 Re8 35. Rxh4 Re2 $17 36. c4 Rg5 37. Rxh5 Rxh5 $19 38. Bc1 Rf5 39.
Kg3 Rff2 40. Be3 Rxg2+ 41. Kf3 Rh2 42. Bg1 Rhg2 43. Rb7 Rb2 44. Be3 Rh2 45. Kg3
Rhc2 46. Rxb6 Rc3 47. Kf4 g5+ 48. Ke4 f5+ 0-1

[Event "Petrov Memorial op"]
[Site "St Petersburg"]
[Date "2000.02.08"]
[Round "2"]
[White "Solovjov, Sergey"]
[Black "Aleksandrov, Aleksej"]
[Result "1/2-1/2"]
[WhiteElo "2449"]
[BlackElo "2606"]
[Annotator "Wedberg,T"]
[PlyCount "123"]
[EventDate "2000.02.05"]
[EventType "swiss"]
[EventRounds "9"]
[EventCountry "RUS"]
[SourceTitle "CBM 076"]
[Source "ChessBase"]
[SourceDate "2000.05.31"]
[SourceVersion "1"]
[SourceVersionDate "2000.05.31"]
[SourceQuality "1"]

1. e4 e5 2. Nf3 Nc6 3. Bb5 Nf6 4. O-O Nxe4 5. d4 Nd6 6. Bxc6 dxc6 7. dxe5 Nf5
8. Qxd8+ Kxd8 9. Nc3 Ke8 10. h3 a5 {This is a sort of semi-waiting move. Black
has many ways to develop his B:s, but first he wants to see where White is
going with his pieces. Pushing the a-P gains space without weakening anything.}
11. Ne2 (11. a4 {is natural but it forfeits the possibility of putting the P
on a3.}) 11... Ne7 (11... a4 $5 12. a3 Ra5 {is a more experimental way of
treating the position.}) 12. Nfd4 {It´s hard to see White gaining any
advantage from a move like this, since Black is perfectly willing to exchange
pieces with 12. - Nf5.} a4 $146 {[%mdl 8]} (12... Nf5 {good enough.} 13. a4
Nxd4 14. Nxd4 Bc5 15. Nb3 Be7 16. Be3 h5 17. f4 g6 $11 {1/2-1/2 Rozentalis,
E-Marciano,D/Belfort 1997/CBM 62/[Wedberg] (28)}) 13. Nf4 Nd5 14. Nxd5 cxd5 15.
Nb5 Ra5 $6 {Probably thinking that the next move was unplayable.} (15... Kd7 $1
$15 {Black has a nice game.}) 16. Nxc7+ $1 {Any other move would lead to a
long difficult endgame with a slight but lasting advantage for Black.} Kd7 17.
Bd2 Rc5 18. Na8 Kc6 (18... Rxc2 19. Rfc1 $36 {Of course not clear, but with
lots of active chances for White whatever Black prefers to do.}) 19. Be3 Be6
20. b3 Be7 21. Nb6 $1 {The N wriggles out of the trap.} Rxc2 (21... Kxb6 $2 22.
b4 $18) 22. Rac1 (22. Nxa4 $5 Ba3 $13) 22... axb3 23. axb3 Rxc1 24. Rxc1+ Kb5
25. Rc7 Bb4 26. Na4 (26. Rxb7 Kc6 27. Ra7 Rb8 28. Na4 Bf8 $11) 26... Ka6 27.
Nc5+ (27. Bc5 $2 Ba5 28. Re7 Bd8 $19) 27... Bxc5 28. Rxc5 d4 $1 $11 29. Bxd4
Rd8 30. Bc3 b6 31. Rc7 Bxb3 32. f4 Rd1+ 33. Kf2 Rc1 34. Ke3 b5 35. Ba5 Rg1 36.
Bb4 Kb6 37. Rd7 Rxg2 38. f5 Rg5 39. Rd6+ Kb7 40. Kf4 Rh5 41. Kg4 g6 42. e6 fxe6
43. fxe6 Re5 44. Rd7+ Kc8 45. Rxh7 Rxe6 46. Kf4 Bc2 47. Re7 Rc6 48. Ke5 Rc4 49.
Bd6 b4 50. Re8+ Kd7 51. Re7+ Kd8 52. Rb7 b3 53. Kd5 Rc8 54. Be5 Ra8 55. Bd6 Ra1
56. Rb8+ Kd7 57. Rb7+ Ke8 58. Rb8+ Kf7 59. Rf8+ Kg7 60. Be5+ Kxf8 61. Bxa1 g5
62. Ke6 1/2-1/2

[Event "NED-ch53"]
[Site "Rotterdam"]
[Date "1998.07.01"]
[Round "9"]
[White "Nijboer, Friso"]
[Black "Piket, Jeroen"]
[Result "1-0"]
[WhiteElo "2580"]
[BlackElo "2575"]
[Annotator "Wedberg,T"]
[PlyCount "80"]
[EventDate "1998.06.21"]
[EventType "tourn"]
[EventRounds "11"]
[EventCountry "NED"]
[EventCategory "12"]
[SourceTitle "CBM 066"]
[Source "ChessBase"]
[SourceDate "1998.09.30"]
[SourceVersion "1"]
[SourceVersionDate "1998.09.30"]
[SourceQuality "1"]

1. e4 e5 2. Nf3 Nc6 3. Bb5 Nf6 4. O-O Nxe4 5. d4 Be7 6. d5 $5 {An interesting
choice. White seems to get a slight advantage from this.} Nb8 (6... Nd6 7. Ba4
(7. Be2 $1 e4 8. dxc6 exf3 9. cxb7 Nxb7 (9... Bxb7 10. Bxf3 O-O 11. Nc3 Rb8 12.
Nd5 Bf6 13. Rb1 h6 14. Qd3 a5 15. b3 Bxd5 16. Bxd5 $14 {1-0 Kilpi,T-Paldanius,
P/FIN-chT 1990/EXT 90ch2 (42)}) 10. Bxf3 O-O 11. c4 Rb8 12. Nc3 Nc5 13. Be3 $14
{1-0 Kalod,R-Biolek,R/Prerov 1995/EXT 95ch (51)}) 7... e4 8. dxc6 exf3 9. cxd7+
Bxd7 10. Bxd7+ Qxd7 11. Qxf3 O-O $11 {1/2-1/2 Jonsson,H-Svenn,G/SVE-chT 9596
1996/EXT 97 (18)}) 7. Nxe5 O-O 8. Re1 Nf6 9. Be2 $146 {A new idea in a very
old, almost forgotten line. White plans to retreat Ne5 to c4 and to put the B
on f3.} (9. Nc3 d6 (9... h6 10. Nf3 a6 11. Ba4 Bc5 12. Be3 Bxe3 13. Rxe3 d6 14.
Qd4 Bd7 15. Bb3 Re8 16. Rae1 Rxe3 17. Qxe3 $16 {1-0 Tarrasch,S-Baird,J/Leipzig
1894/EXT 97 (36)}) 10. Nf3 Bd7 (10... c6 11. Ba4 (11. dxc6 bxc6 12. Ba4 d5 13.
Bg5 Bb7 14. Nd4 Bc5 15. Nf5 $14 {0-1 Demeter,I-Keitlinghaus,L/Dortmund 1992/TD
92\03 (97)}) 11... Bg4 12. Qe2 Bxf3 13. gxf3 $1 Re8 14. Bg5 b5 15. Bxf6 gxf6
16. dxc6 $1 $18 {1-0 Anderssen,A-Steinitz,W/London 1862/MAINB (42)}) 11. Qe2
Re8 12. Qd3 a6 13. Bxd7 Nbxd7 14. Bg5 $14 {1-0 Schlechter,C-Baird,J/Leipzig
1894/EXT 97 (32)}) 9... Re8 10. Nc4 d6 11. Nc3 Nbd7 12. f4 Bf8 13. Bf3 Rxe1+
14. Qxe1 Nb6 15. Ne3 Bd7 16. a4 {White has more space.} c6 17. a5 $5 (17. dxc6
bxc6 {/\d5}) 17... Nbxd5 (17... Nc8 18. a6 $16) 18. Nexd5 cxd5 19. Be3 (19.
Nxd5 Bc6 20. Qd1 Nxd5 21. Bxd5 Qe7 $11) 19... Bc6 20. Bd4 {White has
compensation for a P, the question is if he has more.} a6 21. Na4 Bxa4 22. Rxa4
Rc8 23. c3 Qd7 24. Qd1 Ne4 25. Bb6 Re8 26. Rb4 Qc6 27. Rd4 Qb5 28. Rb4 Qc6 29.
Qd4 g6 $1 30. g3 Bg7 {White seems to have less than nothing here.} 31. Qd3 h5
32. Kg2 f5 33. Bg1 Re7 34. Qd1 Kh7 35. Qd3 Kh6 36. Ba7 Nc5 $6 {This is
probably a winning try in time pressure.} 37. Qxd5 Re2+ 38. Kh3 Qxd5 39. Bxd5
Nd3 40. Rxb7 Nxb2 (40... Nxb2 41. Rb6 $16) 1-0